| 000 | 00406nam a2200157Ia 4500 | ||
|---|---|---|---|
| 008 | 230917s9999||||xx |||||||||||||| ||und|| | ||
| 040 |
_e128910 _aMAIN |
||
| 041 | _aEnglish | ||
| 082 | _a810.9 Sp45L | ||
| 100 | _aSpiller, Robert E | ||
| 245 | 0 | _aLibrary history of the united states history | |
| 250 | _a3rd ed. | ||
| 260 |
_aNew Delhi _bAmerind Publishing _c1963 |
||
| 300 | _a1510p p. | ||
| 942 | _cBK | ||
| 999 |
_c172597 _d172597 |
||